00508nas a22001577a 4500008004100000245004000041260007700081300000900158546001400167590003300181590003700214650002100251856005100272942001200323999001500335130522t20119999ag ||||| |||| 00| 0 spa d aActualizaciones Roemmers Vitamina D aBuenos Aires, bSociedad Iberoamericana de Informacion Cientifica:c2011 av. : aespañol aIndizada en: SIIC Data Bases aExistencias: 2011 (2 ejemplares) aVITAMINA D92365 uhttp://www.siicsalud.com/lmr/siicdatabases.php 2ddccCR c1458d1458